[Event "2nd Agzamov Memorial"]
[Site "Tashkent UZB"]
[Date "2008.03.24"]
[Round "5"]
[White "Egin,V"]
[Black "Gubaydulin,T"]
[Result "0-1"]
[WhiteElo "2437"]
[BlackElo "2211"]

1.e4 c5 2.Nf3 d6 3.Bb5+ Bd7 4.Bxd7+ Qxd7 5.O-O Nc6 6.c3 Nf6 7.Qe2 e6 8.d4 cxd4
9.cxd4 d5 10.e5 Ne4 11.Be3 Be7 12.Ne1 f6 13.f3 Ng5 14.exf6 Bxf6 15.Nc3 Nf7
16.Rd1 O-O 17.f4 Nd6 18.Nf3 Rae8 19.Kh1 Qc7 20.Ne5 g6 21.Bg1 Qg7 22.Nxc6 bxc6
23.Qd3 Rf7 24.Na4 Ne4 25.Rc1 Rc7 26.Nc5 Nxc5 27.Rxc5 Rb8 28.b3 Rb4 29.a3 Rb6
30.b4 Be7 31.Rc3 Bd6 32.g3 Qf7 33.Re1 Rb8 34.Qe2 Re8 35.Qa6 Rec8 36.Rce3 Re8
37.Qd3 Rce7 38.Qc2 Rc7 39.Bf2 Qf6 40.Kg2 Qf7 41.R1e2 Bf8 42.Be1 Qd7 43.Bc3 Bg7
44.Bb2 Qf7 45.Re1 Bf8 46.Qe2 Rce7 47.Qa6 Rc7 48.Rc1 Qd7 49.Rec3 Rec8 50.Re3 Re8
51.h4 Bg7 52.h5 gxh5 53.Rh1 Qf7 54.Qe2 Rd7 55.Rxh5 a5 56.f5 axb4 57.Rxe6 Rde7
58.Rh1 Rxe6 59.fxe6 Qxe6 60.Qxe6+ Rxe6 61.Kf3 bxa3 62.Ba1 Re4 63.Rd1 Kf7
64.Rd3 a2 65.Rd2 c5 66.Rxa2 Bxd4 67.Bxd4 Rxd4 68.Ra7+ Kg6 69.Rd7 c4 70.Ke3 Rd3+
71.Kf4 c3 72.Rd6+ Kf7 73.Kf5 d4 74.Rc6 Rd2 75.Rc7+ Ke8 76.Ke6 Re2+ 77.Kd5 Kd8
78.Rxh7 c2  0-1

[Event "ch-TUR"]
[Site "Ankara TUR"]
[Date "2008.03.25"]
[Round "3"]
[White "Duman,A"]
[Black "Atalik,S"]
[Result "0-1"]
[WhiteElo "2231"]
[BlackElo "2597"]

1.e4 c5 2.Nf3 d6 3.Bb5+ Nd7 4.O-O Nf6 5.Re1 a6 6.Bf1 b6 7.d4 cxd4 8.Qxd4 e5
9.Qd1 Bb7 10.Nc3 Be7 11.Nh4 g6 12.Bh6 Rc8 13.Bd3 Bf8 14.Bxf8 Kxf8 15.Qd2 h6
16.Rad1 Nc5 17.g3 Kg7 18.f3 b5 19.a3 Ne6 20.Bf1 Qb6+ 21.Qf2 Nd4 22.Bh3 Rc6
23.Ra1 Nxc2  0-1

[Event "ch-TUR"]
[Site "Ankara TUR"]
[Date "2008.03.25"]
[Round "3"]
[White "Ataman,A"]
[Black "Haznedaroglu,K"]
[Result "0-1"]
[WhiteElo "2209"]
[BlackElo "2459"]

1.e4 c5 2.Nf3 d6 3.Bb5+ Bd7 4.Bxd7+ Qxd7 5.O-O Nf6 6.e5 dxe5 7.Nxe5 Qc8 8.Re1 e6
9.Na3 Be7 10.Nac4 O-O 11.a4 Nc6 12.d3 Nxe5 13.Nxe5 Qc7 14.Bf4 Bd6 15.Bg3 Rad8
16.Qf3 Nd5 17.c3 f6 18.Nc4 Bxg3 19.hxg3 e5 20.a5 Rf7 21.Qe4 Rfd7 22.Rad1 h6
23.Rd2 Ne7 24.f4 exf4 25.gxf4 Nd5 26.Rf1 Re7 27.Qf3 b5 28.axb6 axb6 29.Rdf2 b5
30.Na3 b4 31.cxb4 Re3 32.Qh5 Nxb4 33.Nc4 Rexd3 34.Re2 R3d4 35.Re8+ Rxe8 36.Qxe8+ Kh7
37.f5 Qg3 38.Ne3 Nd5 39.Nxd5 Rxd5 40.Qe2 Qg5 41.Qf3 Re5 42.Qf4 Qxf4 43.Rxf4 h5
44.Kf2 Kh6 45.Kf3 Kg5 46.g4 Re2 47.Rc4 Rxb2 48.gxh5 Rb3+ 49.Kf2 Rb5 50.Kg3 Kxh5
51.Rh4+ Kg5 52.Rg4+ Kxf5 53.Rxg7 Ke4 54.Re7+ Kd3 55.Re6 c4 56.Rxf6 c3 57.Kf2 c2
58.Rc6 Rb1 59.Rd6+ Ke4  0-1

[Event "ch-TUR"]
[Site "Ankara TUR"]
[Date "2008.03.26"]
[Round "4"]
[White "Kilicaslan,H"]
[Black "Erdogdu,M"]
[Result "0-1"]
[WhiteElo "2264"]
[BlackElo "2434"]

1.e4 c5 2.Nf3 d6 3.Bb5+ Nc6 4.O-O Bd7 5.Re1 Nf6 6.c3 a6 7.Bf1 Bg4 8.d3 e6
9.Bg5 Be7 10.Nbd2 h6 11.Bh4 O-O 12.h3 Bh5 13.g4 Bg6 14.Bg3 d5 15.e5 Nd7 16.Nb3 b5
17.Nc1 c4 18.d4 b4 19.Ne2 bxc3 20.bxc3 Qa5 21.Qd2 Be4 22.Nh2 Rfb8 23.Bf4 Qa3
24.Ng3 Rb2 25.Qe3 Bg6 26.Re2 Rab8 27.Rxb2 Qxb2 28.Rc1 Qxa2 29.Nh5 Rb1 30.Bg3 Rxc1
31.Qxc1 Qb1 32.Qe3 a5 33.f4 a4 34.f5 Bxh5 35.f6 Bg6  0-1

[Event "2nd Agzamov Memorial"]
[Site "Tashkent UZB"]
[Date "2008.03.26"]
[Round "7"]
[White "Egin,V"]
[Black "Mustafaev,J"]
[Result "1/2-1/2"]
[WhiteElo "2437"]
[BlackElo "2286"]

1.e4 c5 2.Nf3 d6 3.Bb5+ Nd7 4.d4 cxd4 5.Qxd4 Nf6 6.Bg5 e6 7.Nc3 a6 8.Bxd7+ Bxd7
9.O-O-O e5 10.Qe3 Rc8 11.Bxf6 Qxf6 12.Nd5 Qg6 13.Nb6 Rc7 14.Nxd7 Rxd7 15.Rd5 Qe6
16.Rhd1 f6 17.Nd2 Rc7 18.Qb3 Qc8 19.Nf1 Be7 20.Ne3 g6 21.R5d3 Rc6 22.Nd5 Rf8
23.Kb1 f5 24.exf5 Rxf5 25.f3 Rf8 26.Nc3 Qc7 27.Ne4 Kd7 28.Nc3 Qb6 29.Qa4 Rf4
30.Ne4 Kc8 31.Qa3 Rf8 32.Nc3 Qc5 33.Qb3 Qc4 34.Nd5 Bd8 35.Qxc4 Rxc4 36.Nc3 Be7
37.Ne4 Rc6 38.b3 Kd7 39.c4 Ke6 40.a4 b6 41.Nc3 Ra8 42.h4 h5 43.g3 Ra7 44.Kc2 Bf8
45.Kd2 Rc8 46.Ke2 Rb7 47.Rd5 Rc5 48.R5d3 Rc8 49.Ne4 Rc6 50.Ng5+ Ke7 51.Rd5 b5
52.axb5 axb5 53.cxb5 Rc2+ 54.Kf1 Rb6 55.Ra1 Rc7 56.Ra6 Rcb7 57.Rxb6 Rxb6
58.Ke2 Bh6 59.Kd3 Bxg5 60.hxg5 Rb8 61.Kc4 Kd7 62.Rd1 Kc7 63.Ra1 Rf8 64.Ra7+ Kb6
65.Ra6+ Kc7 66.Rc6+ Kb7 67.Rxd6 Rxf3 68.Rxg6 Rxg3 69.b4 Rg1 70.Kd5 h4 71.Kxe5 h3
72.Rh6 Rxg5+ 73.Kd4 Rg4+ 74.Kc5 Rg5+ 75.Kc4 Rg4+ 76.Kb3 Rg3+ 77.Ka4 Rf3 78.Rh7+ Kb6
79.Rh6+ Kb7 80.b6 Ka6 81.b5+ Kb7 82.Kb4 Rg3  1/2-1/2

[Event "3rd Open"]
[Site "Kolkata IND"]
[Date "2008.03.27"]
[Round "4"]
[White "Sandipan,C"]
[Black "Barbosa,O PHI"]
[Result "1-0"]
[WhiteElo "2593"]
[BlackElo "2410"]

1.e4 c5 2.Nf3 d6 3.Bb5+ Nc6 4.O-O Bd7 5.Re1 Nf6 6.h3 e5 7.c3 a6 8.Bf1 Be7
9.d4 O-O 10.d5 Na7 11.a4 Re8 12.a5 Bb5 13.Nbd2 Bf8 14.Nc4 Nd7 15.Be3 Qc7
16.Nfd2 b6 17.axb6 Nxb6 18.Nxb6 Qxb6 19.b4 Bxf1 20.Rxf1 Nb5 21.Nc4 Qc7 22.bxc5 dxc5
23.Qd3 g6 24.f4 exf4 25.Bxf4 Qe7 26.e5 Red8 27.d6 Qe6 28.Bg5 Be7 29.Bxe7 Qxe7
30.dxe7 Rxd3 31.Rad1  1-0

[Event "Spring Open"]
[Site "Belgrade SCG"]
[Date "2008.03.28"]
[Round "4"]
[White "Grbic,Br"]
[Black "Lovric,R"]
[Result "0-1"]
[WhiteElo "1782"]
[BlackElo "2105"]

1.e4 c5 2.Nf3 d6 3.Bb5+ Nc6 4.Bxc6+ bxc6 5.O-O Bg4 6.d3 e5 7.Re1 Be7 8.c3 Nf6
9.h3 Bh5 10.Bg5 h6 11.Bh4 g5 12.Bg3 Qd7 13.Nbd2 g4 14.hxg4 Bxg4 15.Qc2 Nh5
16.Bh2 Rg8 17.Kf1 Bxf3 18.Nxf3 Qg4 19.Ke2 Kd7 20.Rg1 c4 21.Kf1 cxd3 22.Qxd3 Kc7
23.Rd1 Rgd8 24.Re1 a5 25.c4 Ng7 26.Qc3 Ne6 27.Rc1 f6 28.Rh1 Rg8 29.Ne1 Qxe4
30.Bg1 Nf4 31.Qc2 Qxc2 32.Rxc2 Bf8 33.f3 Rg6 34.Be3 Ne6 35.Nd3 c5 36.Nf2 f5
37.Nd1 f4 38.Bf2 Kc6 39.Nc3 Rd8 40.Rd2 Nc7 41.Rc2 d5 42.cxd5+ Nxd5 43.a3 Nxc3
44.Rxc3 Rd1+ 45.Be1 Rb1 46.Rc2 Rd6 47.Ke2 Rdd1 48.Kf2 Kb5 49.Re2 Ka4 50.Rh5 Bg7
51.Rf5 e4 52.Rxe4+ Bd4+ 53.Kf1 Kb3 54.Rfxf4 Rxb2 55.Re2 Rdb1 56.g4 Bc3 57.Rfe4 Rxe1+
58.Rxe1 Bxe1 59.Rxe1  0-1

[Event "TCh-ISR"]
[Site "Israel ISR"]
[Date "2008.03.28"]
[Round "4"]
[White "Krayz,A"]
[Black "Dvoirys,S"]
[Result "1/2-1/2"]
[WhiteElo "2384"]
[BlackElo "2554"]

1.e4 c5 2.Nf3 d6 3.Bb5+ Bd7 4.Bxd7+ Qxd7 5.O-O Nf6 6.Qe2 Nc6 7.c3 e6 8.Rd1 Rc8
9.d4 cxd4 10.cxd4 d5 11.e5 Ne4 12.Be3 f6 13.exf6 gxf6 14.Bf4 Bg7 15.Nbd2 Nxd2
16.Rxd2 O-O 17.Qe3 Ne7 18.Nh4 Ng6 19.Nxg6 hxg6 20.Bh6 Rc6 21.Bxg7 Kxg7 22.Re1 Rfc8
23.f4 Qc7 24.Rf2 Re8 25.Rf3 Rh8 26.Rg3 Rh5 27.Rf1 Kf7 28.Qd3 Rf5 29.Rgf3 Rc1
30.Qe3 Rxf1+ 31.Rxf1 g5 32.fxg5 Rxf1+ 33.Kxf1 Qxh2 34.gxf6 Kxf6 35.Kf2 Qh4+
36.Ke2 Qg4+ 37.Qf3+ Kg5 38.Ke3 Qf5 39.Qg3+ Kh5 40.Qf4 Qb1 41.Qf7+ Kg5 42.Qg7+ Kh5
43.Qe5+ Kh4 44.Qf4+ Kh5 45.Qe5+ Kh4 46.Qh2+ Kg5 47.Qe5+ Kh4  1/2-1/2

[Event "FKB ch-USA Qualifier"]
[Site "Tulsa USA"]
[Date "2008.03.28"]
[Round "2"]
[White "Becerra Rivero,J"]
[Black "Vedrickas,T"]
[Result "1-0"]
[WhiteElo "2573"]
[BlackElo "2283"]

1.e4 c5 2.Nf3 d6 3.Bb5+ Nd7 4.O-O Nf6 5.Re1 g6 6.c3 Bg7 7.d4 cxd4 8.cxd4 O-O
9.Nc3 a6 10.Bxd7 Nxd7 11.Bg5 Re8 12.Rc1 Nb6 13.Qd3 Bd7 14.b3 h6 15.Be3 Bg4
16.Nd2 d5 17.e5 Bf5 18.Qe2 Rc8 19.Nf1 Qd7 20.Qd2 Kh7 21.a4 Qe6 22.Ng3 Rc6
23.Nxf5 gxf5 24.Qd3 Rec8 25.Bd2 h5 26.Rcd1 Bh6 27.Ne2 Bxd2 28.Rxd2 Qg6 29.h4 e6
30.g3 Nd7 31.Kg2 Nf8 32.Nf4 Qh6 33.Qe2 Rc3 34.Nxh5 Ng6 35.Nf6+ Kg7 36.h5 Ne7
37.Rd3 Ng8 38.Ne8+ Kh7 39.Nd6 Rxd3 40.Qxd3 Rc7 41.b4  1-0

[Event "ch-SRB w"]
[Site "Kac SRB"]
[Date "2008.03.29"]
[Round "1"]
[White "Mladenovic,J"]
[Black "Eric,J"]
[Result "1/2-1/2"]
[WhiteElo "2114"]
[BlackElo "2104"]

1.e4 c5 2.Nf3 d6 3.Bb5+ Bd7 4.Bxd7+ Qxd7 5.O-O Nf6 6.Re1 Nc6 7.c3 e6 8.d4 cxd4
9.cxd4 d5 10.e5 Ne4 11.Nbd2 Nxd2 12.Bxd2 Be7 13.Rc1 O-O 14.Rc3 Rac8 15.a3 h6
16.Rd3 Rc7 17.h4 Rfc8 18.Nh2 Kh7 19.Qh5 Qe8 20.Qg4 Bf8 21.Qf3 Qd8 22.h5 b6
23.Ng4 Na5 24.Qg3 Kh8 25.Qf4 Nc4 26.Bc1 Qg5 27.Qxg5 hxg5 28.Bxg5 Nxb2 29.Rh3 Be7
30.Bxe7 Rxe7 31.h6 g6 32.Nf6 Rec7 33.Rf3 Nc4 34.Kh2 b5 35.Rb3 a6 36.Re2 Nb6
37.f4 Nd7 38.Nxd7 Rxd7 39.g4 Rdc7 40.Kg2 Rc3 41.Re3 Rc2+ 42.Kg3 Kh7 43.g5 R8c4
44.Red3 Re2 45.Kf3 Re4 46.Rb4 Rc1 47.a4 Rf1+ 48.Kg2 Rfxf4 49.axb5 axb5 50.Rxb5 Rg4+
51.Rg3 Rxd4 52.Rb7 Rdf4 53.Rd7 Rh4 54.Rf3 Rhg4+ 55.Rg3 Rxg3+ 56.Kxg3 Rf5
57.Kg4 d4 58.Rxd4 Rxe5 59.Rd7 Rf5 60.Rb7 e5 61.Re7 Rf4+ 62.Kg3 Rf5 63.Kg4  1/2-1/2

[Event "3rd Open"]
[Site "Kolkata IND"]
[Date "2008.03.29"]
[Round "6"]
[White "David,Alb"]
[Black "Saravanan,V1"]
[Result "1/2-1/2"]
[WhiteElo "2557"]
[BlackElo "2379"]

1.e4 c5 2.Nf3 d6 3.Bb5+ Nd7 4.d4 cxd4 5.Qxd4 Nf6 6.Nc3 e6 7.Bg5 a6 8.Bxd7+ Bxd7
9.e5 dxe5 10.Nxe5 Bb5 11.Qh4 Be7 12.Nxb5 axb5 13.O-O Nd5 14.Bxe7  1/2-1/2

[Event "ch-TUR"]
[Site "Ankara TUR"]
[Date "2008.03.30"]
[Round "8"]
[White "Duman,A"]
[Black "Erdogdu,M"]
[Result "0-1"]
[WhiteElo "2231"]
[BlackElo "2434"]

1.e4 c5 2.Nf3 d6 3.Bb5+ Nc6 4.O-O Bd7 5.c3 Nf6 6.Re1 a6 7.Ba4 b5 8.Bc2 Bg4
9.d3 e6 10.Nbd2 Be7 11.h3 Bh5 12.Nf1 d5 13.Ng3 Bg6 14.Nh4 O-O 15.Nxg6 hxg6
16.Bf4 dxe4 17.dxe4 Nd7 18.e5 Qc7 19.Qe2 Rfd8 20.Rad1 c4 21.Rd6 Nc5 22.Red1 Bxd6
23.exd6 Qd7 24.Ne4 Nxe4 25.Bxe4 Rac8 26.h4 f5 27.Bf3 Qf7 28.h5 gxh5 29.Bxh5 g6
30.d7 Rxd7 31.Rxd7 Qxd7 32.Bxg6 Rd8 33.Kh2 Kg7 34.Bh5 Kf6 35.Bg3 Rh8 36.Bh4+ Kg7
37.Qf3 Qd6+ 38.Bg3 Qd3 39.Kg1 Qxf3 40.Bxf3 Rc8 41.Kf1 Kf6 42.Bh4+ Ke5 43.g3 Kd6
44.Ke2 a5 45.Kd2 e5 46.Be2 Kc5 47.Bg5 Kd5 48.Be3 e4 49.g4 fxg4 50.Bxg4 Rd8
51.Be2 Ne5 52.Bb6 Rf8 53.Ke3 a4 54.Bf1 Rf3+ 55.Ke2 a3  0-1

[Event "3rd Open"]
[Site "Kolkata IND"]
[Date "2008.04.02"]
[Round "10"]
[White "David,Alb"]
[Black "Dobrov,V"]
[Result "1-0"]
[WhiteElo "2557"]
[BlackElo "2501"]

1.e4 c5 2.Nf3 d6 3.Bb5+ Nc6 4.O-O Bd7 5.Re1 Nf6 6.c3 a6 7.Bf1 Bg4 8.d3 e6
9.Nbd2 d5 10.exd5 Nxd5 11.Qa4 Bh5 12.Ne5 Rc8 13.Ndc4 Nb6 14.Nxb6 Qxb6 15.g4 Bg6
16.h4 Qa5 17.Qxa5 Nxa5 18.h5 f6 19.hxg6 fxe5 20.Rxe5 hxg6 21.Rxe6+ Kf7 22.Re4 Bd6
23.Bf4 Rcd8 24.Rae1 Nc6 25.d4 b5 26.dxc5 Bxc5 27.a4 Rd5 28.b4 g5 29.bxc5 gxf4
30.Rxf4+ Kg8 31.axb5 axb5 32.Bxb5  1-0

[Event "TCh-RUS Major League"]
[Site "Dagomys RUS"]
[Date "2008.04.03"]
[Round "1"]
[White "Chadaev,N"]
[Black "Brodsky,M"]
[Result "1/2-1/2"]
[WhiteElo "2495"]
[BlackElo "2549"]

1.e4 c5 2.Nf3 d6 3.Bb5+ Bd7 4.Bxd7+ Qxd7 5.O-O Nf6 6.Re1 Nc6 7.c3 e6 8.d4 cxd4
9.cxd4 d5 10.e5 Ne4 11.Nbd2 Nxd2 12.Bxd2 Be7 13.Re3 O-O 14.Qe2 Rfc8 15.Bc3 b5
16.Rd1 b4 17.Be1 a5 18.h4 Bd8 19.h5 h6 20.Nh2 Ne7 21.Red3 Qc6 22.g4 Qc2 23.R3d2 Qc4
24.b3 Qxe2 25.Rxe2 Rc6 26.f4 Rac8 27.Nf3 Rc2 28.Kf1 g6 29.hxg6 fxg6 30.Rdd2 Rxd2
31.Bxd2 Rc2 32.Be1 Rxe2 33.Kxe2 Nc6 34.Ke3  1/2-1/2

[Event "TCh-RUS w"]
[Site "Dagomys RUS"]
[Date "2008.04.03"]
[Round "2"]
[White "Bannikova,A"]
[Black "Charochkina,D"]
[Result "1-0"]
[WhiteElo "2190"]
[BlackElo "2361"]

1.e4 c5 2.Nf3 d6 3.Bb5+ Nc6 4.O-O Bd7 5.c3 Nf6 6.Re1 a6 7.Ba4 b5 8.Bb3 Bg4
9.d3 e6 10.Nbd2 Be7 11.h3 Bh5 12.Nf1 d5 13.Bc2 Qc7 14.Ng3 Bg6 15.Bg5 dxe4
16.dxe4 h6 17.Bh4 Nh5 18.Bxe7 Qxe7 19.Nxh5 Bxh5 20.e5 Qc7 21.g4 Bg6 22.Bxg6 fxg6
23.a4 Rd8 24.Qe2 O-O 25.axb5 axb5 26.Ra6 Nb8 27.Rd6 Rxd6 28.exd6 Qxd6 29.Kg2 Rf6
30.Qxb5 Nc6 31.Qe2 Ne7 32.c4 Nc6 33.Rd1 Qf4 34.b3 g5 35.Qe3 Qb8 36.Re1 Qf8
37.Re2 Nb4 38.Qe4 Qd6 39.Rd2 Qc7 40.Qa8+ Rf8 41.Qe4 Qf7 42.Ne5 Qe8 43.Nd7 Rf4
44.Qe3 Na6 45.Rd6 Qa8+ 46.f3 Nc7 47.Nxc5 Qf8 48.Rd7 Rf7 49.Nxe6 Re7 50.Rxc7 Qe8
51.Rxe7 Qxe7 52.Qe5  1-0

[Event "TCh-RUS Major League"]
[Site "Dagomys RUS"]
[Date "2008.04.04"]
[Round "2"]
[White "Vokarev,S"]
[Black "Voitsekhovsky,S"]
[Result "0-1"]
[WhiteElo "2502"]
[BlackElo "2511"]

1.e4 c5 2.Nf3 d6 3.Bb5+ Nc6 4.Bxc6+ bxc6 5.O-O Bg4 6.c3 Nf6 7.Re1 e6 8.d3 Nd7
9.Nbd2 Be7 10.Qc2 O-O 11.h3 Bh5 12.b3 Qc7 13.d4 cxd4 14.cxd4 Rfc8 15.Ba3 Qd8
16.Rac1 c5 17.Qd3 Bxf3 18.Nxf3 Qa5 19.Bb2 Qxa2 20.Ra1 c4 21.Rxa2 cxd3 22.Rd1 Nf6
23.e5 Nd5 24.Ne1 Rcb8 25.Nxd3 Rxb3 26.exd6 Bxd6 27.Nc5 Rb5 28.Rc1 a5 29.Ba3 h5
30.h4 Be7 31.g3 Bf6 32.Rd2 Rc8 33.Rdd1 Be7 34.Kg2 Bxc5 35.Bxc5 Rb2 36.Rd3 Rcb8
37.Ra1 R8b5 38.Rda3 Rc2 39.R1a2 Rxa2 40.Rxa2 f6 41.Kf3 Kf7 42.Ra3 Kg6 43.Bf8 Rb8
44.Bc5 Ra8 45.Ke4 a4 46.f4 Rb8 47.f5+ Kf7 48.fxe6+ Kxe6 49.Kd3 Rb3+ 50.Rxb3 axb3
51.Ba3 g5 52.Bc1 g4  0-1

[Event "IX Dos Hermanas Internet"]
[Site "ICC INT"]
[Date "2008.04.04"]
[Round "1.4"]
[White "Almeida Quintana,O"]
[Black "Gormally,D"]
[Result "0-1"]
[WhiteElo "2527"]
[BlackElo "2508"]

1.e4 c5 2.Nf3 d6 3.Bb5+ Nd7 4.O-O Nf6 5.c3 a6 6.Bd3 b5 7.Re1 Bb7 8.a4 c4
9.Bc2 e6 10.d4 cxd3 11.Bxd3 bxa4 12.Rxa4 Be7 13.Rb4 Qc7 14.Na3 O-O 15.Rc4 Qb8
16.Bc2 d5 17.exd5 Bxd5 18.Rh4 Bxa3 19.bxa3 Qc7 20.Bd2 Rac8 21.Ng5 h6 22.Nh3 Ne5
23.Nf4 Nc4 24.Bc1 Rfd8 25.Qe2 Nxa3 26.Nxd5 Nxd5 27.Bxa3 Qxc3 28.Bb2 Qxc2
29.Qe5 Nf6 30.Rg4 Qxb2 31.Qxb2 Nxg4 32.h3 Nf6 33.Qe2 Rc6 34.Qf3 Rcd6 35.Kh2 Nd5
36.g4 Ne7 37.Kg2 Ng6 38.Kg3 Rd3 39.Re3 Rxe3 40.Qxe3 Rd6 41.Qa7 Rd3+ 42.f3 Ra3
43.Qb8+ Kh7 44.h4 e5 45.h5 Nf4 46.Qxe5 Ne6 47.Qf5+ Kg8 48.Qd5 a5 49.Qa8+ Kh7
50.Qd5 Kg8 51.Qf5 Ra2 52.Qd5 Ra3 53.Qa8+ Kh7 54.Qa6 Ng5 55.Qb7 Rxf3+ 56.Kg2 Rf4
57.Qc8 Rf6 58.Qc2+ Kg8 59.Qc4 Re6 60.Qc8+ Kh7 61.Qc2+ Re4 62.Qc8 Rxg4+ 63.Kf2 Rf4+
64.Kg3 Rf6 65.Qc2+ g6 66.Qc8 gxh5 67.Qd8 Rg6 68.Qa8 a4 69.Kf4 h4 70.Kf5 Ne6
71.Qe8 Rg5+ 72.Ke4 Nc5+  0-1

[Event "TCh-ISR"]
[Site "Israel ISR"]
[Date "2008.04.04"]
[Round "6"]
[White "Gruenfeld,Y"]
[Black "Gershkowich,D"]
[Result "1-0"]
[WhiteElo "2490"]
[BlackElo "2323"]

1.e4 c5 2.Nf3 d6 3.Bb5+ Bd7 4.Bxd7+ Qxd7 5.O-O Nf6 6.Qe2 Nc6 7.c3 e6 8.d4 cxd4
9.cxd4 d5 10.e5 Ne4 11.Be3 Be7 12.Ne1 f6 13.f3 Ng5 14.Nd3 fxe5 15.dxe5 O-O
16.Nd2 b6 17.Rad1 Rac8 18.f4 Nf7 19.Nf3 Nh6 20.h3 Nf5 21.Bf2 Bc5 22.Nxc5 bxc5
23.g4 Nfe7 24.Bg3 Qb7 25.Ng5 Nd4 26.Qd3 g6 27.Rf2 Qb6 28.h4 h6 29.Nf3 Nxf3+
30.Qxf3 c4 31.Kh2 d4 32.Qe4 Rfd8 33.h5 gxh5 34.Bh4 d3 35.Rg1 Rd4 36.gxh5+ Kh8
37.Qg2 Nf5 38.Bf6+  1-0

[Event "TCh-ISR"]
[Site "Israel ISR"]
[Date "2008.04.04"]
[Round "6"]
[White "Rozentalis,E"]
[Black "Sutovsky,E"]
[Result "1/2-1/2"]
[WhiteElo "2582"]
[BlackElo "2630"]

1.e4 c5 2.Nf3 d6 3.Bb5+ Nd7 4.d4 cxd4 5.Qxd4 a6 6.Bxd7+ Bxd7 7.Nc3 e5 8.Qd3 h6
9.a4 Nf6 10.O-O Rc8 11.a5 Qc7 12.Be3 Be7 13.Nd2 Be6 14.f4 exf4 15.Rxf4 Ng4
16.Bd4 Ne5 17.Qg3 Bg5 18.Rf2 Ng4 19.Re2 Ne5 20.Rf2 O-O 21.Nf3 Bf6 22.Kh1 Rfe8
23.Nh4 Bg5 24.Nf5 Bxf5 25.Rxf5 Re6 26.h3 Rf8 27.b3 Bd2 28.Nd5 Qxc2 29.Rf2 Qxe4
30.Bxe5 Bg5 31.Bxg7 Bh4 32.Qc3 Bxf2 33.Nf6+ Rxf6 34.Qxf6 Re8 35.Rf1 Qg6 36.Rxf2 Qxg7
37.Qxd6 Qa1+ 38.Kh2 Qe5+ 39.Qxe5 Rxe5 40.b4 Re4 41.b5 Kg7 42.bxa6 bxa6 43.Rf5 Ra4
44.Rc5 f6 45.g4 Kg6 46.Rh5 Ra3 47.Kg2 Kg7 48.Rc5 Ra2+ 49.Kg3  1/2-1/2

[Event "TCh-RUS w"]
[Site "Dagomys RUS"]
[Date "2008.04.07"]
[Round "6"]
[White "Xu Yuhua"]
[Black "Harika,D"]
[Result "1/2-1/2"]
[WhiteElo "2500"]
[BlackElo "2461"]

1.e4 c5 2.Nf3 d6 3.Bb5+ Nc6 4.O-O Bd7 5.Re1 Nf6 6.c3 a6 7.Ba4 b5 8.Bc2 Bg4
9.d3 e6 10.Nbd2 Be7 11.h3 Bh5 12.Nf1 O-O 13.Ng3 Bg6 14.Nh4 Nd7 15.Nxg6 hxg6
16.d4 cxd4 17.cxd4 e5 18.Ne2 Nxd4 19.Nxd4 exd4 20.Qxd4 Rc8 21.Bb3 Nc5 22.Bf4 Bf6
23.Qxd6 Bxb2 24.Rab1 Nxb3 25.Rxb2 Nc5 26.Rd2 Qa5 27.Qd5 Rfe8 28.f3 Rcd8 29.Qxc5 Rxd2
30.Bxd2 Qxd2  1/2-1/2

[Event "TCh-RUS w"]
[Site "Dagomys RUS"]
[Date "2008.04.08"]
[Round "7"]
[White "Bannikova,A"]
[Black "Zdebskaja,N"]
[Result "0-1"]
[WhiteElo "2190"]
[BlackElo "2368"]

1.e4 c5 2.Nf3 d6 3.Bb5+ Nc6 4.O-O Bd7 5.c3 a6 6.Ba4 Nf6 7.Re1 b5 8.Bc2 Bg4
9.d3 e6 10.Nbd2 Be7 11.h3 Bh5 12.Nf1 O-O 13.Ng3 Bg6 14.Qe2 d5 15.Bg5 Nxe4
16.dxe4 Bxg5 17.a4 b4 18.Rad1 bxc3 19.exd5 exd5 20.Bxg6 hxg6 21.bxc3 Bf4
22.Qa2 Ne7 23.Ne2 Bd6 24.Nc1 Qa5 25.Qc2 Rab8 26.Ne5 Qc7 27.Ng4 Rfd8 28.Ne3 Bh2+
29.Kh1 Bf4 30.Nd3 Bxe3 31.Rxe3 Nf5 32.Ree1 Rd6 33.Rb1 Rbd8 34.Kg1 c4 35.Ne5 d4
36.cxd4 Rxd4 37.Nf3 R4d5 38.Rbc1 Rc5 39.Red1 Rc8 40.Ng5 Ne3 41.fxe3 Rxg5
42.Rd4 Rc5 43.Rcd1 c3 44.Rd7 Qb6 45.Qf2 Rf5 46.Qh4 Qxe3+ 47.Kh1 Rh5 48.Rd8+ Rxd8
49.Rxd8+ Kh7 50.Qc4 Rf5 51.Qh4+ Qh6 52.Qxh6+ gxh6 53.Rc8 Ra5 54.Rxc3 Rxa4
55.Kg1 Ra2 56.Kh2 a5 57.Kg3 a4 58.Rc6 a3 59.Ra6 Ra1 60.Kg4 a2 61.Kh4 Kg7
62.Kg4 f5+ 63.Kh4 Kf7 64.g3 Rh1 65.Ra7+ Ke6 66.Ra6+ Kd5 67.Ra5+ Kc4 68.Rxa2 g5+
69.Kh5 Rxh3+ 70.Kg6 Rxg3 71.Kxf5 h5 72.Ke4 h4 73.Rc2+ Kb3 74.Rh2 h3 75.Rf2 g4  0-1

[Event "TCh-RUS Major League"]
[Site "Dagomys RUS"]
[Date "2008.04.09"]
[Round "7"]
[White "Lanin,A"]
[Black "Voitsekhovsky,S"]
[Result "1-0"]
[WhiteElo "2444"]
[BlackElo "2511"]

1.e4 c5 2.Nf3 d6 3.Bb5+ Nc6 4.O-O Bd7 5.Re1 Nf6 6.c3 a6 7.Bf1 Bg4 8.d3 e6
9.Nbd2 Nd7 10.h3 Bh5 11.Qb3 Be7 12.d4 Na5 13.Qd1 O-O 14.d5 exd5 15.exd5 b6
16.a4 Re8 17.b4 Nb7 18.b5 a5 19.Qc2 Nf6 20.Bd3 Bg6 21.Bxg6 hxg6 22.Nc4 Qc7
23.Qd3 Bf8 24.Bg5 Nd7 25.Bf4 Nf6 26.g4 Nd7 27.Kg2 Rac8 28.Rad1 Qb8 29.Ng5 Rxe1
30.Rxe1 Re8 31.Rxe8 Qxe8 32.Qe4 Qxe4+ 33.Nxe4 f5 34.gxf5 gxf5 35.Nexd6 Nxd6
36.Bxd6 Bxd6 37.Nxd6 Nf6 38.c4 g6 39.Nc8 Nd7 40.Kg3 Kf7 41.Kf4 Ke8 42.h4 Kd8
43.Na7 Ke7 44.Kg5 Kf7 45.Nc6 Kg7 46.Kf4 Kf6 47.f3 Kg7 48.Ne5 Nf8 49.h5 gxh5
50.Kxf5  1-0

[Event "TCh-RUS Major League"]
[Site "Dagomys RUS"]
[Date "2008.04.09"]
[Round "7"]
[White "Chadaev,N"]
[Black "Zabotin,A"]
[Result "1-0"]
[WhiteElo "2495"]
[BlackElo "2496"]

1.e4 c5 2.Nf3 d6 3.Bb5+ Nc6 4.O-O Bd7 5.Re1 a6 6.Bxc6 Bxc6 7.d4 cxd4 8.Nxd4 e6
9.c4 Nf6 10.Nc3 Rc8 11.b3 Be7 12.Bb2 O-O 13.Qe2 Qa5 14.Rad1 Rfe8 15.f4 Red8
16.Nxc6 bxc6 17.f5 exf5 18.exf5 Bf8 19.Na4 Re8 20.Qf1 Ne4 21.Re2 d5 22.cxd5 cxd5
23.Bd4 Rc6 24.Qe1 Qc7 25.Nc3 Nxc3 26.Rxe8 Nxd1 27.Qb4 Rd6 28.Qc5 Qd7 29.Qc8 Qxc8
30.Rxc8 h5 31.Kf1 f6 32.Ke2 Rd7 33.Kxd1 Kf7 34.Kd2 Bb4+ 35.Kd3 a5 36.h3 Re7
37.Bc5 Bxc5 38.Rxc5 Re5 39.Rxa5 Rxf5 40.Ra7+ Ke6 41.Rxg7 Rf1 42.a4 Kd6 43.a5 Rd1+
44.Kc2 Ra1 45.b4 d4 46.Kb2 Re1 47.a6 Kc6 48.Rb7 Re8 49.b5+  1-0

[Event "TCh-FRA Top 16 Gp B"]
[Site "Montpellier FRA"]
[Date "2008.04.10"]
[Round "4"]
[White "Comte,F"]
[Black "Hauchard,A"]
[Result "0-1"]
[WhiteElo "2190"]
[BlackElo "2476"]

1.e4 c5 2.Nf3 d6 3.Bb5+ Nc6 4.O-O Bd7 5.Re1 Nf6 6.c3 a6 7.Bf1 Bg4 8.h3 Bxf3
9.Qxf3 g6 10.Qd1 Bh6 11.d3 Bxc1 12.Qxc1 O-O 13.Nd2 Rc8 14.Nf3 e5 15.Qg5 Re8
16.g3 Kg7 17.Nh4 Ne7 18.Rad1 h6 19.Qd2 Nc6 20.Bg2 d5 21.exd5 Nxd5 22.d4 cxd4
23.cxd4 Nxd4 24.Rxe5 Rxe5 25.Qxd4 Qf6 26.Bxd5 Rd8 27.Qc4 b5 28.Qb3 Re2 29.Qf3 Rxb2
30.Qxf6+ Kxf6 31.Rd4 g5 32.Nf3 a5 33.Kg2 a4 34.Bc6 Rxd4 35.Nxd4 Rxa2 36.Nxb5 a3
37.Bd5 Rd2 38.Nc3 Rd3  0-1

[Event "TCh-RUS w"]
[Site "Dagomys RUS"]
[Date "2008.04.11"]
[Round "9"]
[White "Fominykh,M"]
[Black "Pogonina,N"]
[Result "1/2-1/2"]
[WhiteElo "2314"]
[BlackElo "2471"]

1.e4 c5 2.Nf3 d6 3.Bb5+ Bd7 4.Bxd7+ Qxd7 5.O-O Nf6 6.Re1 Nc6 7.c3 e6 8.d4 cxd4
9.cxd4 d5 10.e5 Ne4 11.Nbd2 Nxd2 12.Bxd2 Be7 13.Rc1 O-O 14.a3 Rfc8 15.Rc3 b5
16.h4 b4 17.Rd3 bxa3 18.bxa3 Nd8 19.Ng5 f6 20.exf6 Bxf6 21.Qg4 Rc4 22.Nf3 Nc6
23.Bg5 Rf8 24.Bxf6  1/2-1/2

[Event "Gausdal Classics GMB"]
[Site "Gausdal NOR"]
[Date "2008.04.11"]
[Round "4"]
[White "Berelovich,A"]
[Black "Pruess,D"]
[Result "1/2-1/2"]
[WhiteElo "2595"]
[BlackElo "2425"]

1.e4 c5 2.Nf3 d6 3.Bb5+ Bd7 4.Bxd7+ Qxd7 5.c4 Nf6 6.Nc3 Nc6 7.d4 cxd4 8.Nxd4 Qg4
9.Qxg4 Nxg4 10.Nxc6 bxc6 11.Bf4 Rb8 12.b3 g6 13.Rc1 Bg7 14.h3 Ne5 15.Ke2 c5
16.Rhd1 O-O 17.Be3 Nc6 18.f4 Bd4 19.e5 dxe5 20.fxe5 f5 21.Nd5 Rfd8 22.Bxd4 cxd4
23.Kd2 Kf7 24.Re1 e6 25.Nf4 Nb4 26.Nd3 a5 27.Nxb4 Rxb4 28.Kd3 g5 29.c5 Kg6
30.Rc4 f4 31.Rxb4 axb4 32.Kc4 Kf5 33.c6 d3 34.Kb5 h5 35.Kxb4 g4 36.hxg4+ hxg4
37.Kb5 f3 38.gxf3 gxf3 39.c7 Rc8 40.Kc6 d2 41.Ra1 f2 42.b4 Rg8 43.Kd7 Rg1
44.c8=Q d1=Q+ 45.Rxd1 Rxd1+ 46.Ke7 f1=Q 47.Qxe6+ Ke4 48.Qf6 Qd3 49.e6 Rf1
50.Qg6+ Rf5 51.Qg2+ Kd4 52.Qb2+ Kd5 53.Qg2+ Rf3 54.Qg8 Kc4 55.Qc8+ Kxb4 56.Qb7+ Ka5
57.Qc7+ Ka6 58.Qc6+ Ka5 59.Qc7+ Kb5 60.a4+ Ka6 61.Qc6+ Ka7 62.Qc7+ Ka6 63.Qc6+ Ka5
64.Qc7+ Kxa4 65.Qd7+ Qb5 66.Qxb5+ Kxb5 67.Kd6 Rd3+ 68.Kc7 Re3 69.Kd7 Rd3+  1/2-1/2

[Event "Gausdal Classics GMA"]
[Site "Gausdal NOR"]
[Date "2008.04.11"]
[Round "4"]
[White "Sandipan,C"]
[Black "Moskow,E"]
[Result "1-0"]
[WhiteElo "2585"]
[BlackElo "2229"]

1.e4 c5 2.Nf3 d6 3.Bb5+ Bd7 4.Bxd7+ Qxd7 5.c4 Nf6 6.Nc3 g6 7.d4 cxd4 8.Nxd4 Bg7
9.f3 O-O 10.Be3 Rc8 11.b3 e6 12.Rc1 Nc6 13.O-O d5 14.Nxc6 bxc6 15.e5 Ne8
16.f4 Rd8 17.Qe2 d4 18.Rcd1 c5 19.Ne4 Qc6 20.Bf2 a5 21.a4 f5 22.exf6 Nxf6
23.Ng5 Re8 24.Rfe1 Nh5 25.Qe4 Qxe4 26.Nxe4 Nxf4 27.Nxc5 e5 28.Re4 g5 29.Be1 Nh5
30.Nd3 Nf4 31.h4 Nxd3 32.Rxd3 gxh4 33.Bxh4 Kf7 34.Kf1 Ra6 35.Ke2 Rb8 36.Kd1 Rab6
37.Kc2 Ke6 38.g4 h5 39.Bf2 hxg4 40.Bxd4 Kf5 41.Bxb6 Kxe4 42.Bxa5 Rh8 43.Be1 Rh2+
44.Rd2 Rxd2+ 45.Kxd2 Kf3 46.a5 Bh6+ 47.Kd1 Be3 48.a6 Ba7 49.b4 e4 50.c5 e3
51.c6 e2+ 52.Kd2 Bb6 53.c7 Bxc7 54.a7  1-0